El Ingenioso Hidalgo Don Quijote de la Mancha (Record no. 2378)

MARC details
000 -CABECERA
campo de control de longitud fija 03238nam a2200325 a 4500
001 - NÚMERO DE CONTROL
campo de control BRCA_2638
005 - FECHA Y HORA DE LA ÚLTIMA TRANSACCIÓN
campo de control 20190320203912.0
008 - DATOS DE LONGITUD FIJA--INFORMACIÓN GENERAL
campo de control de longitud fija 011208s1883----sp-a---###---#000-0#spa-u
041 ## - CÓDIGO DE LENGUA
Código de lengua del texto/banda sonora o título independiente spa
044 ## - CÓDIGO DEL PAÍS DE LA ENTIDAD EDITORA/PRODUCTORA
Código MARC del país sp
084 ## - OTRO NÚMERO DE CLASIFICACIÓN
Número de clasificación 193
Número de documento/Ítem .M67
-- 1883
100 1# - ENTRADA PRINCIPAL--NOMBRE DE PERSONA
Nombre de persona Cervantes Saavedra, Miguel de
Fechas asociadas al nombre 1547-1616
9 (RLIN) 213
245 10 - MENCIÓN DE TÍTULO
Título El Ingenioso Hidalgo Don Quijote de la Mancha
Mención de responsabilidad, etc. compuesto por Miguel de Cervantes Saavedra.
260 ## - PUBLICACIÓN, DISTRIBUCIÓN, ETC.
Lugar de publicación, distribución, etc. Barcelona
Nombre del editor, distribuidor, etc. Montaner y Simón
Fecha de publicación, distribución, etc. 1883
300 ## - DESCRIPCIÓN FÍSICA
Extensión 2 v.
Otras características físicas il. (algunas a color)
Dimensiones 39 cm.
500 ## - NOTA GENERAL
Nota general Contenido : v 1. Primera parte. Retrato de Cervantes. Vida de Cervantes por Nicolás Díaz de Benjumea. Dedicatoria del autor. Prólogo del autor. Versos preliminares. Notas sobre el sentido espiritual del Quijote. Texto. -- v 2. Segunda parte. Dedicatoria del autor. Prólogo del autor. Notas. Texto
500 ## - NOTA GENERAL
Nota general Edición : Anotada por Nicolás Díaz de Bejumea e ilustrada por Ricardo Balaca
500 ## - NOTA GENERAL
Nota general Magnífica edición monumental que constituye un verdadero orgullo del arte gráfico catalán, debido al indiscutible mérito de los dos artistas, Balaca y Pellicer, que tan concienzudamente supieron ilustrarla con sus dibujos, así como al retrato de Cervantes, primorosamente grabado por B. Maura. Lástima que la parte literaria de esta suntuosa edición no esté a la altura y nivel de su soberbia impresión, ya que los editores tuvieron el desacierto de tomar por modelo el texto tan adulterado y viciado de la edición arreglada por E. Hartzenbusch, al cual sigue paso a paso, salvo en contadas y ligeras variantes. En cambio, acertaron en restituir el escudo de la edición príncipe, como también en encargar las notas y la biografía de Cervantes al célebre patriarca de los esoteristas, agudo y perspicaz cervantista, Nicolás Díaz de Bejumena, quién a pesar de muchos desvaríos y fantasías en torno al sentido esotérico de la obra, aportó mucho al esclarecimineto de la realidad histórica de la época cervantina y llamó poderosamente la atención de la crítica objetiva a los profundos problemas de la filosofía de la vida y las sátiras que pululan en la novela. Asimismo la biografía de Cervantes, escrita por el mismo comentador, está llena de penetrantes ideas nuevas sobre la vida ejemplar y heróica del Manco de Lepanto, sus desdichas y sufrimientos. Díaz de Bejumea fue, además, un vigoroso y ágil polemista contra la absurda tesis conservadora, según la cual el Quijote no sería más que una pobre burla de los libros de caballería, tesis aún hoy tenazmente defendida por los críticos conservadores. Bellamente encuadernada y profusamente decorada con adornos multicolores Lúdovik Osterc
500 ## - NOTA GENERAL
Nota general Estado físico : Ecuadernación desprendida
500 ## - NOTA GENERAL
Nota general QM183
650 14 - PUNTO DE ACCESO ADICIONAL DE MATERIA--TÉRMINO DE MATERIA
Término de materia o nombre geográfico como elemento de entrada Novela española
Subdivisión cronológica Época clásica, 1500-1700
9 (RLIN) 215
650 14 - PUNTO DE ACCESO ADICIONAL DE MATERIA--TÉRMINO DE MATERIA
Término de materia o nombre geográfico como elemento de entrada Literatura española
Subdivisión cronológica Época clásica, 1500-1700
9 (RLIN) 216
650 14 - PUNTO DE ACCESO ADICIONAL DE MATERIA--TÉRMINO DE MATERIA
Término de materia o nombre geográfico como elemento de entrada Novela española
Subdivisión cronológica Siglo XVII
9 (RLIN) 217
650 14 - PUNTO DE ACCESO ADICIONAL DE MATERIA--TÉRMINO DE MATERIA
Término de materia o nombre geográfico como elemento de entrada Don Quijote (Personaje ficticio)
Término indicativo de función/relación Novela
9 (RLIN) 218
700 1# - PUNTO DE ACCESO ADICIONAL--NOMBRE DE PERSONA
Nombre de persona Díaz de Bejumea, Nicolás
Fechas asociadas al nombre 1820-1884
Término indicativo de función/relación Anotador
9 (RLIN) 7506
700 1# - PUNTO DE ACCESO ADICIONAL--NOMBRE DE PERSONA
Nombre de persona Balaca y Canseco, Ricardo
Fechas asociadas al nombre 1844-1880
Término indicativo de función/relación Ilustrador
9 (RLIN) 7507
740 0# - PUNTO DE ACCESO ADICIONAL--TÍTULO RELACIONADO O ANALÍTICO NO CONTROLADO
Título relacionado o analítico no controlado El Ingenioso Hidalgo Don Quijote de la Mancha
902 ## - CATALOGADOR
Iniciales QFM
942 ## - ELEMENTOS DE PUNTO DE ACCESO ADICIONAL (KOHA)
Fuente del sistema de clasificación o colocación Library of Congress Classification
Tipo de ítem Koha Libros
Holdings
Estado de retiro Estado de pérdida Estado dañado No para préstamo Localización permanente Ubicación/localización actual Fecha de adquisición Número de inventario Total de préstamos Signatura topográfica completa Código de barras Fecha visto por última vez Precio válido a partir de Tipo de ítem Koha
El ejemplar forma parte de la colección y puede ser consultado según las políticas vigentes.       Biblioteca del Museo Franz Mayer (Rogerio Casas-Alatriste) Biblioteca del Museo Franz Mayer (Rogerio Casas-Alatriste) 01/12/2008 QM183   193 .M67 1883 (QM183) 2635 22/03/2019 22/03/2019 Libros